000 00417nam a2200181Ia 4500
005 20250603150035.0
008 250603s9999 xx 000 0 und d
020 _a9780335226603
050 _aP 301.5 .M87/
100 _aMurray, Rowena.
245 0 _aWriting for academic journals
260 _a New York
260 _bMcGraw Hill
260 _c2005
300 _a223 p
650 _a New York
942 _cBK
999 _c43584
_d43584